[Event "Dubai op 17th"]
[Site "Dubai"]
[Date "2015.04.14"]
[Round "9"]
[White "Istratescu, Andrei"]
[Black "Ipatov, Alexander"]
[Result "1-0"]
[WhiteElo "2630"]
[BlackElo "2592"]
[Annotator "Ipatov,A"]
[PlyCount "147"]
[EventDate "2015.04.06"]
[EventType "swiss"]
[EventRounds "9"]
[EventCountry "UAE"]
[SourceTitle "CBM 166"]
[Source "ChessBase"]
[SourceDate "2015.05.11"]
[SourceVersion "1"]
[SourceVersionDate "2015.05.11"]
[SourceQuality "1"]

{This is the game from the last round of Dubai Open 2015. My opponent and I
were entering the final round with 6/8 and the victory in the last round would
most likely let one of us share the first place.} 1. d4 Nf6 2. c4 g6 3. Nc3 d5
4. Bg5 {Frankly speaking, I had not expected before the game that my opponent
would go for the system with Bg5.} Ne4 ({Maybe} 4... Bg7 {is a more
challenging continuation, where Black sacrifices a pawn for fast development.
Here there are two recent examples from top level tournaments. Black seemed to
equalise in both of them.} 5. Bxf6 Bxf6 6. cxd5 c5 (6... c6 7. e4 Bg7 8. dxc6
Nxc6 9. d5 Qb6 10. Qd2 Nd4 11. Nge2 O-O 12. Nxd4 Bxd4 13. Bd3 Bd7 14. O-O Rac8
$44 {Tomashevsky,E (2716)-Svidler,P (2739) Tbilisi 2015}) 7. Nf3 cxd4 8. Nxd4
Qb6 9. Nb3 O-O 10. e3 Rd8 11. Rc1 e6 12. Be2 Nc6 13. O-O Bxc3 14. Rxc3 exd5 15.
Rc5 a6 16. Qc1 Be6 17. Nd4 Nxd4 18. exd4 Rac8 $11 {Mamedyarov,S (2756)-Vachier
Lagrave,M (2765) Shamkir 2015}) 5. Bh4 Nxc3 6. bxc3 dxc4 7. e3 (7. Qa4+ {
is another way to handle this position with White, but seems to bring no
opening advantage either.} Qd7 {This move has been seen more often on the top
level than 7...Nd7 or 7...c6} 8. Qxc4 b6 {Preparing c7-c5 and keeping
possibility to develop the light-squared bishop to b7 or a6.} 9. Bg3 Nc6 ({
An immediate} 9... c5 $5 {also deserves attention} 10. Be5 Ba6 11. Qb3 f6 12.
Bxb8 Rxb8 13. Nf3 c4 14. Qb1 b5 15. a4 b4 16. cxb4 e5 $1 17. b5 exd4 $36 {
Dreev,A (2662)-Najer,E (2681) Ulan Ude 2009}) 10. Nf3 Bg7 11. e3 O-O 12. Be2
Bb7 13. O-O Na5 14. Qb4 Rac8 {[%cal Gc7c5]} 15. Ne5 {Wang,Y (2689)-Svidler,P 
(2746) Baku 2008} Bxe5 $5 16. dxe5 (16. Bxe5 Nc6 17. Bb5 Qe6 $11) 16... Qd2 17.
Rfe1 c5 18. Qh4 Rfe8 {"=" Krasenkow}) 7... Be6 8. Be2 (8. Nf3 {is a more
common move order to reach the position as in the game}) ({When I was still a
kid I tried the following setup for White :} 8. Rb1 b6 (8... Nd7 $142 $1 {
is more challenging than 8...b6 and seems to offer an equal game to Black} 9.
Rxb7 Bg7 10. Rb1 c5 11. Nf3 Qa5 12. Qd2 O-O 13. Be2 Bd5 $11 {Ganaus,H (2318)
-Lalic,B (2495) Tabor 2012}) 9. Nh3 $5 Bh6 (9... Bxh3 $140 $2 10. gxh3 $16 {
[%csl Rc4][%cal Gf1g2,Rh1a8]}) 10. e4 c6 (10... Qd6 11. Qa4+ Bd7 12. Qxc4 Nc6
13. Ng5 O-O 14. Bg3 Qa3 15. h4 Na5 16. Qb4 Qxa2 $15 {Ipatov,A (2454)-Georgiev,
K (2645) Balaguer 2009}) 11. Ng5 Qd7 12. Be2 Bxg5 13. Bxg5 Na6 14. Bh6 Nc7 15.
a4 f6 16. O-O Bf7 17. Qc2 Rg8 18. Bf4 O-O-O 19. Qa2 $14 {Ipatov,A (2497)
-Rakhmanov,A (2591) Moscow 2010}) 8... Bg7 9. Nf3 Nd7 10. O-O (10. Ng5 {
is absolutely harmless} Bd5 11. e4 h6 12. exd5 hxg5 13. Bxg5 Nb6 14. Bf3 Nxd5
15. Qa4+ c6 16. Qxc4 Qd6 $11 {[%csl Gd5] Ponomariov,R (2727)-Anand,V (2788)
Zuerich 2009}) 10... Nb6 11. a4 (11. e4 O-O 12. Qc2 Bd7 13. a4 a5 14. Ne5 Bxe5
$1 (14... c5 $143 $2 15. Nxd7 Qxd7 16. dxc5 $16 {Iotov,V (2569)-Troff,K (2459)
Dallas 2014}) 15. dxe5 Qe8 16. f4 Bxa4 17. Qc1 $44 {[%cal Gf4f5]}) 11... a5 12.
Qc2 O-O 13. Rfb1 {I was out of book here already. At the same time, my
opponent looked very confident and was playing fast. I spent about 20 minutes
on my next move, trying to understand how to develop my pieces.} Qd7 {Not a
bad choice.} (13... Bd7 14. Nd2 Qe8 15. Nxc4 Bxa4 16. Qe4 (16. Qa2 Nd5 17. Qd2
$44 {Sachdev,T (2417)-Bosiocic,M (2555) Philadelphia 2012}) 16... Bc6 17. Qxe7
Nxc4 $1 (17... Nd5 $143 18. Qxe8 Rfxe8 19. Rc1 a4 20. Bg3 Bb5 21. Nb6 Nxb6 22.
Bxb5 c6 23. Be2 Nd5 24. c4 Nf6 25. c5 $14 {Vuckovic,B (2623)-Sutovsky,E (2695)
Moscow 2011}) 18. Bxc4 Qxe7 19. Bxe7 Rfb8 20. Bd3 b5 21. Rb2 Bf8 22. Bxf8 Kxf8
$11 {Nisipeanu,L (2691)-Rambaldi,F (2413) Wunsiedel 2014}) (13... f6 14. Nd2
Bf7 15. Rb5 Kh8 16. Bg3 e5 17. dxe5 Be8 18. Rb2 fxe5 19. Nxc4 Nxc4 20. Bxc4 $14
{Wojtaszek,R (2663)-Kurnosov,I (2662) Pamplona 2010}) (13... Qe8 14. Bg3 (14.
Nd2 Bd7 $5 {transposing to 13...Bd7}) 14... Bd7 15. Bd1 $1 Qc8 16. h3 Ra6 $6
17. Ne5 Be6 18. Rb2 c5 19. Rab1 $16 {Moiseenko,A (2707)-Sieciechowicz,M (2436)
Trzcianka 2014}) 14. Nd2 Bd5 15. e4 Bc6 16. Rxb6 $1 {For me it was already a
deep middlegame, while my opponent was still in his book. Not fair!} cxb6 17.
Nxc4 $44 {White has perfect compensation for the sacrificed exchange : pawn-b6
is weak and most probably will fall down soon, d4-d5 is a concrete threat. And
it is not easy to find a good defence against it!} ({For some reason, I was
more afraid of} 17. d5 {, but Black seems to be doing after all :} Bxa4 18.
Rxa4 b5 19. Ra1 e6 $132 {[%csl Ga5,Gb5,Gb7,Gc4][%cal Gg7a1] Black pawns may
become very dangerous with the support of the dark-squared bishop on diagonal
a1-h8 and the rooks from behind.}) {I spent more than half an hour and went for
} 17... Bxd4 $5 {Played with the hope that my opponent had not analysed this
move. And as it turned out in the post-mortem analysis, I was right about that.
} (17... Bxa4 $5 18. Rxa4 b5 19. Nb6 Qc6 {At first, I thought that my opponent
was bluffing, and wanted to go for this variation, and then suddenly found out
that Black is simply lost after} ({So, then I started looking for some other
retreats with the queen and failed to find any suitable one.} 19... Qd6 {
also didn't seem to be a good choice} 20. Nxa8 bxa4 21. e5 $1 Qd8 (21... Qc6
22. Bf3 Qb5 23. Nc7 Qb3 24. Be4 $16) 22. Qxa4 Qxa8 23. Bxe7 {Comp claims Black
is absolutely OK, but over the board it didn't look to me so. It seemed to me
that the white central pawns with the support of a bishop pair would just
smash me away! Maybe, I just had to look at the position objectively and not
to be influenced by a fast play by my opponent...} Rc8 $1 $132 24. d5 (24. c4
b5 25. cxb5 Qe4 $132) 24... b5 $1 {etc}) 20. Nd5 $1 $18 bxa4 $140 21. Nxe7+) (
17... Qd8 18. Rb1 b5 19. axb5 Bd7 {While thinking on my 17th move I was simply
disgusted with Black's position here, that's why I didn't go for it.}) 18. cxd4
Qxd4 {I felt like objectively White should have been doing better here, but,
on the other hand, I thought that the psychological initiative was already on
my side. Let me explain why. The position has an open character - Black has
two rooks to do some job on c- and d-files; the bishop on h4 is out of play ;
the pawns c4 and e4 are weak and can be attacked by black queen and bishop;
Black has a pawn majority on the queenside and once it all starts moving... :)}
19. Rd1 Qc5 $1 {[%csl Rh4][%cal Gb6b5] Keeping the tension. From the practical
point of view, it is not easy to find a useful move for White here. Please
note: the white dark-squared bishop is still out of play on the edge of the
board. If White were to play f2-f3 and Bh4-f2 the game would have been
basically over here. But maybe then I would not have gone for 17...Bxd4, who
knows?} (19... Qxe4 $2 {would have let all White pieces become finally
coordinated.} 20. Qxe4 Bxe4 21. Bxe7 Bc2 22. Rd2 Rfe8 23. Nxb6 Rxe7 24. Nxa8
Bxa4 25. Rb2 $16) 20. Qb1 (20. Qb2 Bxa4 21. Ra1 b5 (21... Bb5 22. Bxe7 Qxe7 23.
Qxb5 Qxe4 24. Bf1 $14) 22. Ne3 f6 23. Nd5 $13) 20... Rad8 21. Rc1 Rd4 $1 22.
Ne3 $4 {My opponent collapses under pressure} (22. Bf1 $142 {seemed best to me
during the game. The computer agrees with that.} Rxe4 23. Bg3 {and the game
would have gone for three results. But if I had a choice I would have taken
White's side here. All White'a pieces are in play, everything is protected,
the pawn on b6 is weak, the rook's place on e4 is a little unstable, etc})
22... Rb4 23. Qa1 Rxa4 24. Qb2 ({On} 24. Qb1 {of course I had seen} Bxe4 $1 $19
) 24... Qd4 $4 {No comments.} ({Also I had seen the winning move here} 24...
Ra2 $1 25. Qb1 {but I simply forgot while my opponent was thinking on his 24th
move that the idea from the 24.Qb1 Bxe4! variation works here too.} Bxe4 $1 $19
{It is all over now, however, of course, I should have still shown some
technique.} ({I had only considered} 25... Qa3 $2 26. Bxe7 $1 $16) 26. Qxa2 (
26. Qxe4 Qxc1+) 26... Qxc1+ {etc}) 25. Qxd4 Rxd4 26. f3 Bxe4 $4 {Once again no
comments.} (26... f6 {would have been a normal continuation.} 27. Nc4 (27. Bf2
Rd2 28. Kf1 b5 29. Be1 Ra2 30. Nd5 Bxd5 31. exd5 Rd8 32. Bxb5 Kf8 $11) 27... b5
28. Nxa5 Bxe4 $1 29. Bf2 Rd2 30. Bxb5 Bd5 $11) 27. fxe4 Rxe4 28. Bf2 $18 {
While thinking on my 26th move I just forgot that White has this simple
retreat. A childish blunder, what can I say? Now Black is lost. Since there
was no addition of 30 minutes after move 40, I decided to do my best in
defence and take my chance if it came. And it did come...} Rd8 29. Bf3 Rb4 30.
Nd5 Rb5 31. Nxb6 Rd2 32. Be3 Rd6 33. Nc4 Rd8 34. Ra1 Rc8 35. Be2 Rb4 36. Nb6
Rc2 37. Bf3 $2 (37. Bf1 $1 {preventing the exchange of rooks.}) 37... Rcb2 $1
38. Rxa5 Rxb6 39. Bxb6 ({While my opponent was thinking on his 39th move I
found the inclusion of this intermediate check more precise.} 39. Ra8+ Kg7 40.
Bd4+ {forcing Black to weaken his pawn chain.} f6 41. Bxb2 Rxb2 42. Ra7 $16)
39... Rxb6 40. Ra7 e6 41. Rxb7 {A theoretically drawish endgame what I was
aware of when this position happened on the board, which I managed to lose.
However, I had just one minute with the increment of 30 seconds per move for
the rest of the game, it is still not an excuse...} Ra6 ({After the game I was
asked by my good friend GM Salem Saleh whether it was a draw after} 41... Rxb7
42. Bxb7 {A very thorough analysis (or just pure knowledge) is needed to
determine this. I didn't go for it, because I did not know the evaluation of
that endgame without rooks. And I knew that with the rooks on the board it is
a theoretical draw.}) 42. Kf2 h5 43. Ke3 Ra4 44. Bc6 Ra5 45. Kd4 Kg7 46. Rb5
Ra6 47. Kc5 Ra2 48. Rb7 Rd2 49. Rd7 Rc2+ 50. Kd6 Kf6 51. Kc7 e5 {Objectively
not a bad move, but it is a mistake from the practical point of view. I should
have foreseen that concrete variations may appear later and I would not have
had enough time to calculate all of them and take the right decision.} ({
I should have gone for something like} 51... h4 52. h3 g5 {and then just wait
with rook and king. White cannot make any progress.}) 52. Kd6 Rd2+ 53. Bd5 e4
54. h4 Kf5 55. Rxf7+ Kg4 56. Rg7 e3 57. Rxg6+ Kxh4 58. Re6 e2 $2 {Still not
losing, but making the task more difficult.} ({I saw} 58... Rd3 $1 59. Kc5 Kg3
{but simply failed to understand the difference between 58...Rd3 and 58...e2
due to an extreme lack of time.} 60. Bc4 Rd8 61. Rxe3+ Kxg2 $11) 59. Re3 $1 {
Now my king is cut off. That's a simple difference between 58...Rd3 and 58...e2
} Kg4 $4 {Only after this move (this blunder) is it all lost for me.} ({
There was a study-like way to make the draw:} 59... Kg5 $3 60. Ke5 h4 $1 {
and White cannot make any progress. If Ke5-e4 then e1Q followed by Rxg2. If
White waits with the bishop, Black also waits with the rook until the bishop
leaves the big diagonal.} 61. Bc6 (61. Ke4 e1=Q 62. Rxe1 Rxg2 $11) 61... Rb2
62. Be4 Ra2 63. Bb7 Rb2 64. Bc8 {and after the bishop left the diagonal} e1=Q
$1 65. Rxe1 Rxg2 $11) 60. Ke5 h4 61. Be6+ $1 Kg5 62. Bh3 $18 Ra2 63. Ke4 Ra4+
64. Kf3 e1=Q 65. Rxe1 Rf4+ 66. Ke3 Rf8 67. Rc1 Re8+ 68. Kf2 Rf8+ 69. Kg1 Rf4
70. Rc5+ Kg6 71. Kh2 Rd4 72. Bc8 Rd1 73. Bb7 Ra1 74. Bf3 {Quite an interesting
game in which all three results could have happened. I was the last one who
made a mistake so the result is in a way fair.} 1-0

[Event "Presov 2nd"]
[Site "Presov"]
[Date "2000.08.19"]
[Round "8"]
[White "Mrva, Martin"]
[Black "Macieja, Bartlomiej"]
[Result "0-1"]
[WhiteElo "2468"]
[BlackElo "2536"]
[Annotator "Konikowski,J"]
[PlyCount "118"]
[EventDate "2000.08.12"]
[EventType "tourn"]
[EventRounds "9"]
[EventCountry "SVK"]
[EventCategory "10"]
[SourceTitle "CBM 079"]
[Source "ChessBase"]
[SourceDate "2000.11.21"]
[SourceVersion "1"]
[SourceVersionDate "2000.11.21"]
[SourceQuality "1"]

1. d4 Nf6 2. Nf3 g6 3. c4 Bg7 4. Nc3 d5 5. Bg5 Ne4 6. cxd5 Nxg5 7. Nxg5 e6 8.
Nf3 exd5 9. e3 a5 10. Be2 O-O 11. O-O c6 12. a3 Re8 13. b4 axb4 14. axb4 Rxa1
15. Qxa1 b5 16. Ne1 $146 {[%mdl 8]} (16. Qa8 Ba6 17. Ra1 Qb6 18. Ra5 Bf8 19.
Na4 bxa4 20. Rxa6 Nxa6 21. Qxe8 a3 22. Ne5 Qc7 23. Qa8 Nxb4 {1/2-1/2 Uhlmann,
W-Simagin,V/Budapest 1961/}) 16... Na6 17. Nd3 Qb6 18. Qb2 Bf5 19. Nc5 Nxc5 20.
bxc5 Qb7 21. Na2 Qa7 22. Nb4 Bd7 23. Rb1 Ra8 24. h3 h5 25. Nc2 Qb8 26. Ra1 Ra7
27. Nb4 Qa8 28. Rxa7 Qxa7 29. Qa2 $2 (29. Qc3 $5) 29... Qxa2 $15 30. Nxa2 Bf6
31. Bd3 Bd8 32. Kf1 h4 33. f4 Ba5 34. Ke2 Kg7 35. Nc1 Kf6 36. Nb3 Bb4 37. Bc2
g5 38. fxg5+ Kxg5 39. Nc1 Ba5 40. Kf3 (40. e4 $5) 40... Bc7 41. Nd3 Kf6 42. Bb3
Ke7 43. Bc2 (43. e4 $5) 43... Bg3 (43... Bf5 $5) 44. Nc1 Kd8 45. Ke2 Kc7 46.
Na2 Kb7 47. Nb4 Bc7 48. Kd2 Ba5 49. Kc3 Kc7 50. Kb3 f5 51. Bd1 Be8 52. Be2 Kd7
53. Bd1 Ke6 54. Be2 Kf6 55. Bd1 $2 (55. Bd3 $8) 55... f4 $1 $17 56. exf4 Kf5
57. Nd3 Ke4 58. Ne5 Kxf4 59. Bg4 Ke3 (59... Ke3 60. Nf3 Bd8 $17) 0-1

[Event "Tashkent FIDE GP 2nd"]
[Site "Tashkent"]
[Date "2012.11.24"]
[Round "3"]
[White "Gelfand, Boris"]
[Black "Morozevich, Alexander"]
[Result "1/2-1/2"]
[WhiteElo "2751"]
[BlackElo "2748"]
[Annotator "Krasenkow,M"]
[PlyCount "63"]
[EventDate "2012.11.22"]
[EventType "tourn"]
[EventRounds "11"]
[EventCountry "UZB"]
[EventCategory "20"]
[SourceTitle "CBM 152"]
[Source "ChessBase"]
[SourceDate "2013.01.15"]
[SourceVersion "1"]
[SourceVersionDate "2013.01.15"]
[SourceQuality "1"]

1. d4 Nf6 2. c4 g6 3. Nc3 d5 4. Nf3 Bg7 5. Bg5 Ne4 6. Bf4 Nxc3 7. bxc3 dxc4 (
7... c5 {is more popular. The text move is sharper and probably quite good.})
8. e3 (8. Qa4+ Nd7 9. Qxc4 c5 $11) 8... b5 (8... Be6 $5 {has been seen in
dozens of games. Here is a relatively recent example:} 9. Rb1 (9. Ng5 Bd5 10.
e4 h6 11. exd5 hxg5 12. Qa4+ Qd7 13. Qxd7+ Nxd7 14. Bxg5 Nb6 $15 {0-1
Bryzgalin,K (2480)-Khismatullin,D (2614)/Ulan Ude 2009/CBM 132 (54)}) (9. Qb1
Qd5 $5) 9... b6 10. Be2 Bd5 11. Qc2 f5 12. O-O c6 13. a4 a6 14. Nd2 b5 15. e4
fxe4 16. Nxe4 O-O 17. Bg5 h6 18. Be3 Nd7 {1-0 Chiburdanidze,M (2506)-Rajlich,I
(2465)/Ningbo 2009/CBM 132 Extra (37) Although White finally won, his
initiative hardly compensates for Black's extra pawn here.}) 9. a4 c6 10. Qb1
Qd7 $146 {[%mdl 8]} (10... Bf5 $6 11. e4 Bd7 12. Be2 (12. Bxc4 $5 bxc4 13. Qb7
Na6 14. Qxa6 c5 15. Qxc4 cxd4 16. cxd4 Rc8 17. Qd3 Be6 18. Qb5+ Bd7 19. Qb4 Bc6
20. Rc1 Bxe4 21. Qb5+ Kf8 22. O-O $14 {E.Gleizerov}) 12... O-O 13. O-O $44 a6
$6 14. Bxc4 g5 15. Bxg5 bxc4 16. Qb7 c5 17. Qxa8 Qc7 18. d5 Bxc3 19. Bxe7 $18 {
0-1 Eljanov,P (2742)-Aronian,L (2801)/Moscow 2010/EXT 2011 (108)}) (10... Qa5
11. Kd2 Nd7 12. axb5 Qxb5 13. Qa2 Nb6 14. Ne5 Bxe5 15. Bxe5 O-O 16. Rb1 Qa6 17.
Rb2 c5 18. Be2 Qxa2 19. Rxa2 Bb7 20. f3 $14 {1-0 Fajs,B-Grabowski,B (2048)/
ICCF WS 2006/ICCF CBM 132 (45)}) 11. Ne5 (11. Be2 {may be more accurate} O-O
12. Nd2 $44 {[%cal Yd2e4]}) (11. Nd2 $143 O-O 12. Ne4 Qd5 13. Nc5 $2 e5 14. e4
Qd6 15. Bg3 Qe7) 11... Bxe5 12. Bxe5 O-O 13. Be2 Bb7 (13... a6 $5 14. O-O Qb7 {
[%cal Yc8e6,Yb8d7]}) 14. O-O a6 15. Qb2 (15. Bf4 $5 {[%cal Yf4h6]}) 15... c5 $1
16. dxc5 (16. Bg3 cxd4 17. cxd4 (17. exd4 Bd5 {[%csl Gd5]}) 17... Rc8 $132 {
[%csl Gc4]}) 16... Nc6 17. Rfd1 Qf5 18. Bg3 (18. Bd4 Rfb8 19. axb5 axb5 20.
Qxb5 e5 21. Rxa8 Bxa8 22. Qxc4 exd4 23. cxd4 Rb2 $132) 18... Qxc5 {Black has
won a pawn. White's bishop pair and activity is, however, enough for equality.
A drawn position with opposite-coloured bishops soon arises.} 19. Rd7 Bc8 20.
Rc7 Ra7 21. Rxa7 Nxa7 22. axb5 axb5 23. Bf3 Nc6 24. Bxc6 Qxc6 25. Qb4 Bb7 26.
f3 Qd7 27. e4 Ra8 28. Rxa8+ Bxa8 29. h3 f6 30. Qa5 Bc6 31. Qc7 Qxc7 32. Bxc7
1/2-1/2

[Event "Tata Steel-A 75th"]
[Site "Wijk aan Zee"]
[Date "2013.01.17"]
[Round "5"]
[White "Sokolov, Ivan"]
[Black "Aronian, Levon"]
[Result "0-1"]
[WhiteElo "2663"]
[BlackElo "2802"]
[Annotator "Krasenkow,M"]
[PlyCount "48"]
[EventDate "2013.01.12"]
[EventType "tourn"]
[EventRounds "13"]
[EventCountry "NED"]
[EventCategory "20"]
[SourceTitle "CBM 153"]
[Source "ChessBase"]
[SourceDate "2013.03.14"]
[SourceVersion "1"]
[SourceVersionDate "2013.03.14"]
[SourceQuality "1"]

1. d4 Nf6 2. c4 g6 3. Nc3 d5 4. Bg5 Bg7 5. Nf3 Ne4 6. Bf4 Nxc3 7. bxc3 dxc4 8.
Qa4+ (8. e3 {is probably more appropriate here.}) 8... Nd7 9. e4 (9. g3 c5 10.
Bg2 cxd4 11. cxd4 O-O 12. Qxc4 Nb6 13. Qc5 Bg4 14. Rd1 Rc8 $36 {1/2 Dydyshko,V
(2490)-Holzke,F (2400)/Muenster 1997/CBM 060 ext (24)}) (9. Qxc4 c5 10. e4 Qa5
11. Bd2 O-O 12. Be2 e6 13. O-O Qc7 14. Be3 b6 15. Rac1 Bb7 16. Nd2 Rac8 $11 {
0-1 Lukasiewicz,G (2355)-Fedorowicz,J (2535)/St Martin 1993/TD (44)}) (9. e3
O-O 10. Qxc4 (10. Bxc4 Nb6 11. Qb3 Nxc4 12. Qxc4 {1/2 Nakamura,H (2697)-Maze,S
(2553)/Montreal 2008/CBM 126 (38)} Be6 $1 13. Qxc7 Qxc7 14. Bxc7 Rfc8 15. Ba5
b6 16. Bb4 Bf6 {[%cal Ra7a5]} 17. Kd2 Rc4 $44) 10... c5 11. Be2 (11. Qa4 cxd4
$1 12. cxd4 e5 $1 13. dxe5 Qc7 14. Qd4 (14. Qa3 $142 $11) 14... Nc5 15. Be2
Qa5+ 16. Qd2 Qxd2+ 17. Nxd2 Rd8 18. Nb3 Nxb3 19. axb3 Be6 $44 {0-1 Spassov,L 
(2434)-Le Roux,J (2474)/Sautron 2009/EXT 2010/[RR] (37)}) 11... cxd4 12. exd4
Nb6 13. Qb3 Nd5 14. Bd2 b6 $11 {1-0 Lajthajm,B (2514)-Lazic,D (2311)/Mataruska
Banja 2007/CBM 118 ext (42)}) 9... c5 (9... O-O 10. Qxc4 c5 11. Be2 cxd4 12.
cxd4 Nb6 (12... e5 $5 13. Bg5 Bf6 14. Bxf6 Qa5+ 15. Kf1 Nxf6 16. dxe5 Be6 $44 {
0-1 Vigoa Apecheche,Y (2244)-Arencibia Rodriguez,W (2519)/Havana 2009/CBM 130
Extra (28)}) 13. Qd3 $6 (13. Qb4 $142 $11) 13... Bg4 14. Rd1 Rc8 15. O-O Na4
16. Rb1 Bxf3 17. Bxf3 e5 18. Bd2 exd4 $17 {1/2 Socko,M (2473)-Bobras,P (2561)/
Warsaw 2008/CBM 125 Extra (131)}) 10. Bxc4 (10. Qxc4 {- above}) 10... O-O 11.
O-O Nb6 12. Qb3 Nxc4 13. Qxc4 b6 14. d5 e6 $11 15. h3 $2 {[%mdl 8192] A
strange loss of a tempo (...Bg4 will hardly ever be a threat) with
surprisingly fatal consequences.} (15. Rfe1 exd5 16. exd5 Bb7 17. Rad1 Re8 $11)
15... a5 (15... exd5 $142 16. exd5 (16. Qxd5 Qxd5 17. exd5 Rd8 18. Rad1 Bxc3)
16... a5 $1 {[%cal Rc8a6] , and White loses one of the following three: an
exchange, the c3-pawn, or the d5-pawn. An attempt to save everything by means
of} 17. Rfd1 {fails to} Ba6 18. Qb3 Be2 19. Rd2 Bxf3 20. gxf3 Qf6) 16. Bg5 $2 (
16. Rfd1 $142 exd5 (16... Ba6 17. Qb3 Be2 18. dxe6 $1 Qf6 19. Bd6 $13) 17. Qb3
$5 ({or simply} 17. Rxd5 Be6 18. Rxd8 Bxc4 19. Rxf8+ Rxf8 20. Bc7 b5 21. e5 $1
$15) 17... Bxh3 $1 18. Rxd5 (18. gxh3 Qf6) 18... Qe8 $1 19. Bd6 Be6 20. Bxf8
Bxd5 21. exd5 Qxf8 22. Rd1 Qd6 23. c4 {, and Black's extra pawn is hard to
convert.}) 16... f6 17. dxe6 Ba6 {An easy refutation. The rest is clear.} 18.
Qd5 Qxd5 19. exd5 fxg5 20. Rfd1 Bxc3 21. Rac1 Be2 22. Nxg5 Bxd1 23. Rxc3 Rf5
24. Ne4 Kg7 0-1